000 00304nam a22001337a 4500
020 _a978-93-5275-175-4
082 _a823
_bAGA/S
100 _aAGARWAL DEEPA
245 _aHINDU GODS AND GODDESSES
260 _aGURGAON
_bSCOLASTIC INDIA
_c2017
300 _a143
650 _aSPIRITUAL
_zINDIA
942 _cBK
999 _c4791
_d4791